Sāmayika jīvana aura sāhitya. (Record no. 59459)

MARC details
000 -LEADER
fixed length control field 00532cam a22002171 4500
001 - CONTROL NUMBER
control field sa 64005997
003 - CONTROL NUMBER IDENTIFIER
control field DLC
005 - DATE AND TIME OF LATEST TRANSACTION
control field 20260227112036.0
008 - FIXED-LENGTH DATA ELEMENTS--GENERAL INFORMATION
fixed length control field 890614s1963 ii 000 0 hino
010 ## - LIBRARY OF CONGRESS CONTROL NUMBER
LC control number sa 64005997
035 ## - SYSTEM CONTROL NUMBER
System control number (OCoLC)19871520
040 ## - CATALOGING SOURCE
Original cataloging agency DLC
Transcribing agency WaU
Modifying agency DLC
042 ## - AUTHENTICATION CODE
Authentication code premarc
050 00 - LIBRARY OF CONGRESS CALL NUMBER
Classification number PK2033
Item number .B53
100 1# - MAIN ENTRY--PERSONAL NAME
Personal name Bhatnagar, Ram Ratan.
245 10 - TITLE STATEMENT
Title Sāmayika jīvana aura sāhitya.
260 ## - PUBLICATION, DISTRIBUTION, ETC.
Date of publication, distribution, etc. [1963]
300 ## - PHYSICAL DESCRIPTION
Extent 6, 5, 3, 503 p.
Dimensions 20 cm.
500 ## - GENERAL NOTE
General note In Hindi.
650 #0 - SUBJECT ADDED ENTRY--TOPICAL TERM
Topical term or geographic name entry element Hindi literature.

No items available.

Powered by Koha